Dictionnaire historique de la terminologie géométrique des Grecs /

Guardado en:
Autor Principal: Mugler, Charles.
Autor Corporativo: Centre national de la recherche scientifique (Francia)
Formato: Libro
Idioma:French
Greek
Publicado: Paris : C. Klincksieck, 1959, c1958.
Series:Études et commentaires ; 28
Materias:
Etiquetas: Agregar Etiqueta
Sin Etiquetas, Sea el primero en etiquetar este registro!
LEADER 00940nam a22002655a 4500
001 MAT.inmabb005159
008 820424t19591958fr#######d####001#0#fre##
005 20160530171735.0
245 1 0 |a Dictionnaire historique de la terminologie géométrique des Grecs /  |c Charles Mugler. 
260 |a Paris :  |b C. Klincksieck,  |c 1959, c1958. 
300 |a 456 p. ;  |c 28 cm. 
440 0 |a Études et commentaires ;  |v 28 
500 |a "Ouvrage publié avec le concours du Centre National de la Recherche Scientifique". 
500 |a También fue publicado en 2 partes. 
510 4 |a MR,  |c 25 #4978 
100 1 |a Mugler, Charles. 
710 2 |a Centre national de la recherche scientifique (Francia) 
043 |a e-gr--- 
650 0 |a Geometry  |x Dictionaries  |x Greek. 
650 0 |a Mathematics, Greek. 
084 |a 51-00 (01A20)  |2 msc2000 
010 |a  65037267  
040 |a DLC  |c CarP  |d DLC 
041 0 |a fre  |a gre 
859 |h 51  |i M951  |p A-2669  |b BIB. MATEMATICA